| 000 | 00535nam a22001817a 4500 | ||
|---|---|---|---|
| 005 | 20180528162320.0 | ||
| 008 | 180528b xxu||||| |||| 00| 0 eng d | ||
| 022 | _a9812046372 | ||
| 082 | _a951.5 | ||
| 245 |
_aTibet/ _cby Patricia Levy |
||
| 260 |
_aSingapore _bTimes Books International _c1996 |
||
| 300 |
_a128p. _bill _c21cm |
||
| 440 | _aCultures of the world | ||
| 500 | _aBibliographical references and index | ||
| 530 | _aAlso issued online. | ||
| 651 | _aTibet (China) | ||
| 942 |
_2ddc _cEN _h951.5 _mLEV |
||
| 999 |
_c152334 _d152334 |
||